000
00288nam a2200121Ia 4500
008
190216s9999||||xx |||||||||||||| ||und||
100
_a
Rema Singh
245
0
_a
Hindi - Palkam Ke Saye Men
260
_b
"Neelesh Prakashan, Delhi"
_c
2001
300
_a
112
650
_a
Hindi
942
_c
BK
999
_c
16119
_d
16119